ბათუმის შოთა რუსთაველის სახელმწიფო უნივერსიტეტის ბიბლიოთეკა

მიგრაციის სახელმძღვანელო / (ბიბ.ჩანაწერი № 55259)

000 -ლიდერი
ფიქსირებული სიგრძის საკონტროლო ველი 02377nam a2200265Ia 4500
001 - საკონტროლო ნომერი
საკონტროლო ველი 22335
003 - საკონტროლო ნომრის იდენტიფიკატორი
საკონტროლო ველი GE_BSU
005 - ბოლო ოპერაციის თარიღი და დრო
საკონტროლო ველი 20230824122026.0
008 - ფიქსირებული სიგრძის მონაცემთა ელემენტები - ზოგადი ინფორმაცია
ფიქსირებული სიგრძის საკონტროლო ველი 181216s2017||||ge |||||||||||||| ||geo||
020 ## - წიგნის საერთაშორისო სტანდარტული ნომერი
International Standard Book Number 9783903120075
040 ## - კატალოგიზაციის წყარო
Transcribing agency GE_BSU
041 ## - ენის კოდი
Language code of text/sound track or separate title geo
080 ## - უნივერსალური ათობითი კლასიფიკაციის ინდექსი
Universal Decimal Classification number 325(075) მ-66
245 ## - ცნობა სათაურის შესახებ
Title მიგრაციის სახელმძღვანელო /
Statement of responsibility, etc მიგრაციის პოლიტიკის განვითარების საერთაშორისო ცენტრი, ევროკავშირი საქართველოსთვის ; სარედაქციო კოლეგია: ვიოლეტა ვაგნერი, რუსუდან ტუშური, ბიაჯიო სპეჩიალე [და სხვ.] ; ქართული ენის რედაქტორი მანანა ტაბიძე ; წინასიტყვაობა: ლევან ალექსიძე, მარტაინ პლაიმი.
250 ## - გამოცემის ცნობა
Edition statement I გამოცემა.
264 ## - წარმოების, გამოცემის, დისტრიბუციის და სხვა ცნობები
გამოცემის, წარმოების, დისტრიბუციის... ადგილი თბილისი,
გამოცემის, წარმოების, დისტრიბუციის... თარიღი 2017.
300 ## - ფიზიკური აღწერა
Extent 564 გვ. :
Other physical details ცხრ., გრაფ., რუკა ;
Dimensions 22 სმ.
500 ## - ზოგადი შენიშვნა
General note მომზადებულია ევროკავშირის მიერ დაფინანსებული და მიგრაციის პოლიტიკის განვითარების საერთაშორისო ცენტრის მიერ მართული პროექტის - "მიგრაციის მართვის გაძლიერება საქართველოში" (ENIGMMA) ფარგლებში.
504 ## - BIBLIOGRAPHY, ETC. NOTE
Bibliography, etc ბიბლიოგრაფია თავების ბოლოს და ტექსტის შენიშვნებში.
653 ## - INDEX TERM--UNCONTROLLED
Uncontrolled term მიგრაციის პოლიტიკა
700 ## - ADDED ENTRY--PERSONAL NAME
Personal name ვაგნერი, ვიოლეტა
Relator term ავტორი, რედაქტორი.
9 (RLIN) 19709
710 ## - ADDED ENTRY--CORPORATE NAME
Corporate name or jurisdiction name as entry element მიგრაციის პოლიტიკის განვითარების საერთაშორისო ცენტრი. ევროკავშირი საქართველოსთვის
9 (RLIN) 19710
942 ## - ADDED ENTRY ELEMENTS (KOHA)
Koha item type წიგნი
Source of classification or shelving scheme
ეგზემპლარები
ჩამოწერის სტატუსი დაკარგული ეგზემპლარის სტატუსი კლასიფიკაციის წყარო ან თაროზე გაწყობის სქემა დაზიანების სტატუსი არ გაიცემა მუდმივი მდებარეობა (დაცვის ადგილი) ამჟამინდელი ადგილსამყოფელი თაროზე განთავსების ადგილი შეძენის თარიღი ღირებულება, შესყიდვის ნორმალური ფასი სრული შენახვის შიფრი შტრიხკოდი ბოლო ოპერაციის თარიღი ეგზემპლარის მიმდევრობითი ნომერი (კეტერი?) ფასის ძალაში შესვლის თარიღი ეგზემპლარის სახეობა საჯარო შენიშვნა
          ბათუმის შოთა რუსთაველის სახელმწიფო უნივერსიტეტის მთავარი ბიბლიოთეკა ბათუმის შოთა რუსთაველის სახელმწიფო უნივერსიტეტის მთავარი ბიბლიოთეკა წიგნსაცავი 2018-12-17 76.00 325(075) მ-66 28065 2018-12-17 28065 2018-12-17 წიგნი 76 ლ.
          ბათუმის შოთა რუსთაველის სახელმწიფო უნივერსიტეტის მთავარი ბიბლიოთეკა ბათუმის შოთა რუსთაველის სახელმწიფო უნივერსიტეტის მთავარი ბიბლიოთეკა წიგნსაცავი 2018-12-17 76.00 325(075) მ-66 28066 2018-12-17 28066 2018-12-17 წიგნი 76 ლ.
          ბათუმის შოთა რუსთაველის სახელმწიფო უნივერსიტეტის მთავარი ბიბლიოთეკა ბათუმის შოთა რუსთაველის სახელმწიფო უნივერსიტეტის მთავარი ბიბლიოთეკა წიგნსაცავი 2018-12-17 76.00 325(075) მ-66 28067 2018-12-17 28067 2018-12-17 წიგნი 76 ლ.
          ბათუმის შოთა რუსთაველის სახელმწიფო უნივერსიტეტის მთავარი ბიბლიოთეკა ბათუმის შოთა რუსთაველის სახელმწიფო უნივერსიტეტის მთავარი ბიბლიოთეკა წიგნსაცავი 2018-12-17 76.00 325(075) მ-66 28068 2018-12-17 28068 2018-12-17 წიგნი 76 ლ.
          ბათუმის შოთა რუსთაველის სახელმწიფო უნივერსიტეტის მთავარი ბიბლიოთეკა ბათუმის შოთა რუსთაველის სახელმწიფო უნივერსიტეტის მთავარი ბიბლიოთეკა წიგნსაცავი 2018-12-17 76.00 325(075) მ-66 28069 2018-12-17 28069 2018-12-17 წიგნი 76 ლ.